000 00623nam a2200193Ia 4500
005 20250508155756.0
008 008 250505s9999 xx 000 0 eng d
037 _aDissertations
040 _aFEDL
_beng
_cFEDL
041 _aeng
_2eng
084 _a370.6, SHA/DI
_qFEDL
100 _aSharma H L
245 0 _aInvestigation into the primary school teacher's understanding o the science curriculum of the UNESCO/UNICEF assisted scheme in Delhi
260 _c1975
300 _av,128p.
546 _aM. Ed. Dissertation (Delhi University)
942 _cDIS
_h370.6, SHA/DI
999 _c1359241
_d1359241